Ulundi noGugu (Record no. 408194)

MARC details
000 -LEADER
fixed length control field 00248nam a2200097Ia 4500
082 ## - DEWEY DECIMAL CLASSIFICATION NUMBER
Classification number ZUL KF MWEL
008 - FIXED-LENGTH DATA ELEMENTS--GENERAL INFORMATION
fixed length control field 210817s9999 xx 000 0 und d
100 ## - MAIN ENTRY--PERSONAL NAME
Personal name MWELASE, Thembi Kapa, 2009
9 (RLIN) 86173
245 #0 - TITLE STATEMENT
Title Ulundi noGugu
942 ## - ADDED ENTRY ELEMENTS
item type Books

No items available.